Top 15 Most Sold PlayStation 3 Games - Statistics

General Stats
  • This quiz has been taken 283 times
  • The average score is 5 of 15
Answer Stats
Rank Game % Correct
14 Uncharted
62%
8 Call Of Duty: Black Ops
50%
6 Uncharted 2
50%
5 Uncharted 3
49%
4 Call Of Duty: Modern Warfare 2
43%
12 Grand Theft Auto 4
38%
1 Gran Turismo 5
37%
10 LittleBigPlanet
32%
3 God Of War 3
23%
9 Metal Gear Solid 4
23%
13 Skyrim
16%
2 Gran Turismo 5 Prologue
13%
7 MotorStorm
9%
15 Resistance: Fall Of Man
8%
11 Final Fantasy XIII
7%
No matching quizzes found
Score Distribution
Percent of People with Each Score
Percentile by Number Answered
Your Score History
You have not taken this quiz